header

Before the killing fields (Record no. 14675)

MARC details
000 -LEADER
fixed length control field 01438nam a2200337 a 4500
100 1# - MAIN ENTRY--AUTHOR NAME
Personal name Fielding, Leslie,
245 10 - TITLE STATEMENT
Title Before the killing fields
260 ## - PUBLICATION, DISTRIBUTION, ETC. (IMPRINT)
Place of publication London :
Name of publisher I.B. Tauris,
Year of publication 2008.
300 ## - PHYSICAL DESCRIPTION
Number of Pages xxxii, 261 p. :
Other physical details ill., map.
505 00 - FORMATTED CONTENTS NOTE
Formatted contents note 1. Mob at the Chancery gates -- 2. The number one twister -- 3. Chez Madame Chhum -- 4. Friendly fire.
650 #0 - SUBJECT ADDED ENTRY--TOPICAL TERM
Topical Term Diplomats
856 40 - ELECTRONIC LOCATION AND ACCESS
Uniform Resource Identifier http://site.ebrary.com/lib/rucke/Doc?id=10254913

No items available.

© 2026 Rongo University
Contact us: librarian | system librarian | Rongo university